Brother Louie lyrics (modern talking) - Statistics

General Stats
  • This quiz has been taken 8 times
  • The average score is 186 of 282
Answer Stats
Lyrics % Correct
a
100%
Brother
100%
Louie,
100%
Louie
100%
louie,
100%
love
100%
love,
100%
he
86%
I‘m
86%
in
86%
is
86%
me
86%
no
86%
oh,
86%
Oh,
86%
oh
86%
she
86%
the
86%
to
86%
you
86%
your
86%
can
71%
go
71%
heart,
71%
her
71%
it
71%
looking
71%
on
71%
only
71%
Only
71%
see,
71%
she‘s
71%
breaks
57%
can‘t
57%
good,
57%
undercover
57%
You‘re
57%
‘cause
43%
don‘t
43%
easy,
43%
easy
43%
ever
43%
free,
43%
from
43%
him
43%
his
43%
let
43%
lover
43%
set
43%
So
43%
then
43%
Babe,
29%
burning
29%
cannot
29%
come
29%
does
29%
ending
29%
fire
29%
flames
29%
forever
29%
forever,
29%
game
29%
Girl,
29%
girl
29%
grows
29%
handle,
29%
higher
29%
it‘s
29%
leave
29%
live
29%
love‘s
29%
Love‘s
29%
more
29%
never
29%
paradise,
29%
pretending
29%
Stay
29%
Stay,
29%
stay
29%
steel
29%
take
29%
than
29%
That
29%
this
29%
we
29%
Why
29%
boy
14%
by
14%
Dear,
14%
doing
14%
gamble
14%
he‘s
14%
last
14%
together
14%
Try,
14%
wants
14%
what
0%
No matching quizzes found
Score Distribution
Percent of People with Each Score
Percentile by Number Answered
Your Score History
You have not taken this quiz